Mikkelin läänin kunnat kartalla 1935 - Statistics

Yleistilastot
  • Tätä visaa on pelattu 219 kertaa
  • Keskiarvotulos 24 / 33
Vastaukset kartalla
Vastauksille on annettu kartalla punavihreä väri sen mukaan, kuinka moni on saanut sen oikein.
 
Vastaustilastot
Kunta % Oikein
Mikkeli
97%
Mäntyharju
91%
Juva
88%
Savonlinna
87%
Hirvensalmi
85%
Kangasniemi
85%
Puumala
85%
Pieksämä
84%
Ristiina
84%
Sulkava
80%
Heinola
79%
Mikkelin maalaiskunta
79%
Rantasalmi
78%
Joroinen
77%
Pertunmaa
77%
Anttola
72%
Joutsa
72%
Pieksämäen maalaiskunta
72%
Heinävesi
71%
Punkaharju
71%
Sysmä
70%
Heinolan maalaiskunta
68%
Enonkoski
67%
Virtasalmi
67%
Savonranta
66%
Hartola
65%
Haukivuori
65%
Kerimäki
64%
Leivonmäki
64%
Luhanka
63%
Sääminki
59%
Jäppilä
56%
Kangaslampi
56%
Ehtoja vastaavia visoja ei löytynyt
Tulosjakauma
Jokaisen tuloksen saaneiden osuus
Persentiili vastausten määrän mukaan
Tuloshistoriasi
Et ole pelannut tätä visaa